000 00832nam a2200193 i 4500
001 177892
003 ES-MaACL
005 20250807212324.0
008 110505s1977 sp a i000 0cspa d
080 _a929-055.2(4)(091)
245 0 0 _aDescubriendo las huellas olvidadas de las mujeres europeas /
_c[proyecto de la Concejalía de Mujer de Torrejón de Ardoz ; idea original y coordinación del proyecto, Susana Fernández García].
260 _aTorrejón de Ardoz :
_bConcejalía de la Mujer del Ayuntamiento de Torrejón de Ardoz,
_c1977.
300 _a[32] p. :
_bil. col. ;
_c22 x 26 cm +
_e1 DVD-Vídeo.
650 4 _aMujeres-
_zEuropa
_915287
700 1 _aFernández García, Susana.
_9176382
710 1 _aTorrejón de Ardoz.
_bConcejalía de Mujer.
_9146379
852 4 _aES-MaACL
_j2289-F-6
999 _c177892
_d177892